Microsoft Access 2000 : Lập trình ứng dụng cơ sở dữ liệu. t.II /
Na minha lista:
| Outros Autores: | , , , , , |
|---|---|
| Formato: | Sách giấy |
| Idioma: | Vietnamese |
| Publicado em: |
H. :
Lao động - Xã hội,
2001.
|
| Assuntos: | |
| Tags: |
Adicionar Tag
Sem tags, seja o primeiro a adicionar uma tag!
|
| Thư viện lưu trữ: | Thư viện Trường Đại học Đà Lạt |
|---|
| LEADER | 00976nam a2200361 4500 | ||
|---|---|---|---|
| 001 | DLU110126855 | ||
| 005 | ##20111019 | ||
| 040 | # | # | |a DLU |b vie |
| 041 | # | # | |a vie |
| 044 | # | # | |a vn |
| 082 | # | # | |a 005.756 5 |b Mic |
| 245 | # | # | |a Microsoft Access 2000 : |b Lập trình ứng dụng cơ sở dữ liệu. |n t.II / |c Nguyễn Đình Tê chủ biên, ... [et al]. |
| 260 | # | # | |a H. : |b Lao động - Xã hội, |c 2001. |
| 300 | # | # | |a 355 tr. ; |c 21 cm. |
| 650 | # | # | |a Microsoft Access. |
| 700 | # | # | |a Hoàng Đức Hải. |
| 700 | # | # | |a Nguyễn Đình Tê, |e chủ biên. |
| 700 | # | # | |a Nguyễn Anh Tuấn. |
| 700 | # | # | |a Nguyễn Ngọc Minh. |
| 700 | # | # | |a Phan Thị Thu Hồng. |
| 700 | # | # | |a Trương Hảin Thuỵ. |
| 923 | # | # | |a 39/2005 |
| 990 | # | # | |a t.II |
| 991 | # | # | |a GT |
| 992 | # | # | |a 32000 |
| 994 | # | # | |a DLU |
| 900 | # | # | |a True |
| 911 | # | # | |a Đào Thị Thu Huyền |
| 925 | # | # | |a G |
| 926 | # | # | |a A |
| 927 | # | # | |a SH |
| 980 | # | # | |a Thư viện Trường Đại học Đà Lạt |